000 00482nam a2200193Ia 4500
005 20240823051044.0
008 240823s9999||||xx |||||||||||||| ||und||
020 _a978-1-25-90021-0
041 _aENGLISH
082 _A629.892 Q3
100 _a"Groover,Mikell P [etal]"
245 0 _aIndustrial Robotics
250 _a2nd
260 _c2013
_bMcGraw - Hill Higher Educ
_aNew York
500 _aTRANSFERED
650 _aRobotics
_bMechanical
942 _cBK
999 _c218680
_d218680